书目信息 |
| 题名: |
单排轮Happy
|
|
| 作者: | 赵骐佑 , 简健晃 著 | |
| 分册: | ||
| 出版信息: | 北京 中国民族摄影艺术出版社 2004.03 |
|
| 页数: | 168页 | |
| 开本: | 21cm | |
| 丛书名: | ||
| 单 册: | ||
| 中图分类: | G862.8 | |
| 科图分类: | ||
| 主题词: | 滑轮滑冰--hua lun hua bing--基本知识 | |
| 电子资源: | ||
| ISBN: | 7-80069-590-5 | |
| 000 | 00842nam0 2200241 450 | |
| 001 | 012008403531 | |
| 005 | 20080424200904.42 | |
| 010 | @a7-80069-590-5@dCNY29.80 | |
| 100 | @a20080424d2004 km y0chiy0120 ea | |
| 101 | 0 | @achi |
| 102 | @aCN@b110000 | |
| 105 | @aac z 000yy | |
| 106 | @ar | |
| 200 | 1 | @a单排轮Happy@Adan pai lun Happy@f赵骐佑, 简健晃著@Fzhao qi you,jian jian huang zhu |
| 210 | @a北京@c中国民族摄影艺术出版社@d2004.03 | |
| 215 | @a168页@c图 (部分彩图), 肖像@d21cm | |
| 330 | @a该书以全彩照片step by step的方式,示范了每一个动作技巧,并列举了超过100则轮刀小常识,和164个动作演练上的问题点。 | |
| 606 | 0 | @a滑轮滑冰@Ahua lun hua bing@x基本知识 |
| 690 | @aG862.8@v4 | |
| 701 | 0 | @a赵骐佑@Azhao qi you@4著 |
| 701 | 0 | @a简健晃@Ajian jian huang@4著 |
| 801 | 0 | @aCN@bQSSK@c20080424 |
| 905 | @b20703490-92@dG862.8@eZ318@f3 | |
| 单排轮Happy/赵骐佑, 简健晃著.-北京:中国民族摄影艺术出版社,2004.03 |
| 168页:图 (部分彩图), 肖像;21cm |
| ISBN 7-80069-590-5:CNY29.80 |
| 该书以全彩照片step by step的方式,示范了每一个动作技巧,并列举了超过100则轮刀小常识,和164个动作演练上的问题点。 |
| ● |
| 相关链接 |
|
|
|
正题名:单排轮Happy
索取号:G862.8/Z318
 
预约/预借
| 序号 | 登录号 | 条形码 | 馆藏地/架位号 | 状态 | 备注 |
| 1 | 703490 | 207034902 | 社科库409/ [索取号:G862.8/Z318] | 在馆 | |
| 2 | 703491 | 207034911 | 社科库409/422社科库 18排1列6层/ [索取号:G862.8/Z318] | 在馆 | |
| 3 | 703492 | 207034920 | 社科库409/409社科库 26排4列3层/ [索取号:G862.8/Z318] | 在馆 |